The 3 Most Popular Sports in Every Country (Part 2) - Statistics

General Stats
  • This quiz has been taken 84 times
  • The average score is 19 of 30
Answer Stats
League Team % Correct
Argentina Football/Soccer
100%
Ethiopia Football/Soccer
100%
France Football/Soccer
100%
Germany Football/Soccer
100%
Italy Football/Soccer
100%
Mexico Football/Soccer
100%
Serbia Football/Soccer
100%
Ethiopia Basketball
94%
Germany Basketball
94%
Serbia Basketball
94%
Mexico Baseball
89%
South Korea Baseball
89%
India Cricket
89%
New Zealand Cricket
89%
Argentina Rugby
88%
France Rugby
88%
New Zealand Rugby
88%
Italy Volleyball
56%
Ethiopia Athletics
50%
Germany Handball
44%
South Korea Badminton
38%
South Korea Taekwondo
26%
Serbia Water polo
25%
India Field hockey
24%
France Cycling
17%
Italy Cycling
17%
New Zealand Netball
6%
India Kabaddi
1%
Argentina Pato
1%
Mexico Charrería
0%
No matching quizzes found
Score Distribution
Percent of People with Each Score
Percentile by Number Answered
Your Score History
You have not taken this quiz